| 000 | 00392nam a2200157Ia 4500 | ||
|---|---|---|---|
| 008 | 210716s1991 xx 000 0 und d | ||
| 020 | _a8173811571 | ||
| 041 | _aeng | ||
| 082 | _a519.2 MUKP | ||
| 100 | _aMukhopadhyay, Parimal. | ||
| 245 | _aTheory of probability. | ||
| 250 | _a1 | ||
| 260 |
_aKolkata _c1991 |
||
| 300 | _a335,iv | ||
| 650 | _aProbabilities and applied mathematics(519) | ||
| 999 |
_c189133 _d189133 |
||